Statistics for All RedBull flavors

Click here to take the quiz!

General Stats

  • This quiz has been taken 22 times
  • The average score is 10 of 38

Answer Stats

RedBullEdition% Correct
RedBull Blue EditionBlueberry
71%
RedBull Organicspurple Berry
67%
RedBull Summer EditionWatermelon
67%
RedBull Red EditionWatermelon
67%
RedBull Summer EditionCoconut Twist
62%
RedBull Lime EditionLime
62%
RedBullSugar free
57%
RedBull Organicsblack Orange
52%
RedBull Organicsbitter Lemon
38%
RedBull Organicseasy Lemon
38%
RedBullTotal Zero
38%
RedBull Yellow EditionTropical Fruit
38%
RedBullEnergy
33%
RedBullEnergy Shot
33%
RedBull Summer EditionKiwi Twist
29%
RedBull Organicssimply Cola
29%
RedBull Summer EditionJuneberry
24%
RedBull Peach EditionPeach-Nectarine
24%
RedBull Purple EditionAçaí
19%
RedBull Summer EditionStrawberry Apricot
19%
RedBull Winter EditionPomegranate
14%
RedBull Winter EditionArctic Berry
10%
RedBull Green EditionDragon Fruit
10%
RedBull Summer EditionDragon Fruit
10%
RedBull Winter EditionFig Apple
10%
RedBull Winter EditionPlum Twist
10%
RedBull Orange EditionTangerine
10%
RedBull Coconut EditionCoconut Berry
5%
RedBull OrganicsGinger Beer
5%
RedBull Summer EditionGrapefruit Twist
5%
RedBull Summer EditionBeach Breeze
0%
RedBull Red EditionCranberry
0%
RedBull Pear EditionCrisp Pear
0%
RedBull OrganicsGinger Ale
0%
RedBull Winter EditionSpeculoo-Cherry
0%
RedBull OrganicsTonic Water
0%
RedBull Organicsviva Mate
0%
RedBull Cherry EditionWild Cherry
0%

Score Distribution

Percentile by Number Answered

Percent of People with Each Score

Your Score History

You have not taken this quiz